| 000 | 00702nam a2200289Ia 4500 | ||
|---|---|---|---|
| 008 | 180803s9999 xx 000 0 und d | ||
| 020 | _a0590426036 | ||
| 050 | _bD419 1983 | ||
| 100 | _adePaola, Tomie | ||
| 245 | 4 | _aThe legend of the bluebonnet : | |
| 245 | 3 | _ban old tale of texas / | |
| 245 | 0 | _cby Tomie de Paola. | |
| 260 | _aBroadway, New York : | ||
| 260 | _bScholastic, | ||
| 260 | _c1983 | ||
| 300 | _aunpaged : | ||
| 300 | _bcolored ; | ||
| 300 | _c25cm. | ||
| 500 | _a740 | ||
| 650 | _aIndians of North America -- | ||
| 650 | _aNature -- | ||
| 650 | _aTeaching -- | ||
| 650 | _xAids and devices. | ||
| 650 | _xFolklore. | ||
| 650 | _xFolklore. | ||
| 700 | _aTitle. | ||
| 999 |
_c358273 _d358273 |
||